| 000 | 00351nam a2200145Ia 4500 | ||
|---|---|---|---|
| 005 | 20251222153630.0 | ||
| 008 | 251222s9999||||xx |||||||||||||| ||spa|| | ||
| 020 | _a8488719078 | ||
| 082 | _a340 /H43 | ||
| 100 | _aHernández, Gabriela | ||
| 245 | 0 | _aMujeres Gitanas y Sistema Penal | |
| 250 | _a1ra.ed. | ||
| 264 | _bEdiciones Metyel | ||
| 942 | _cLIB | ||
| 999 |
_c32315 _d32315 |
||